[Event "FRA-chT2 West 0708"]
[Site "France"]
[Date "2008.04.05"]
[Round "10.3"]
[White "Bernardin, Thierry"]
[Black "Bleuzen, Cedric"]
[Result "1-0"]
[WhiteElo "1990"]
[BlackElo "2029"]
[PlyCount "75"]
[EventDate "2007.10.21"]
[EventType "team"]
[EventRounds "11"]
[EventCountry "FRA"]
[SourceTitle "EXT 2009"]
[Source "ChessBase"]
[SourceDate "2008.11.26"]
[SourceVersion "1"]
[SourceVersionDate "2008.11.26"]
[SourceQuality "1"]
[WhiteTeam "Orleans"]
[BlackTeam "Rennes Paul Bert"]
[WhiteTeamCountry "FRA"]
[BlackTeamCountry "FRA"]

1. Nf3 e6 2. g3 f5 3. Bg2 Nf6 4. 0-0 Be7 5. d3 d5 6. c4 c6 7. Nc3 0-0 8. Qc2 d4 9. Nd1 c5 10. e3 Nc6 11. exd4 cxd4 12. Re1 Re8 13. a3 a5 14. Ng5 Bc5 15. f4 Ra6 16. b3 h6 17. Nf3 e5 18. Nxe5 Nxe5 19. fxe5 Rae6 20. Nf2 g5 21. Bd2 Rxe5 22. b4 Bb6 23. Qb3 axb4 24. axb4 Re2 25. Rxe2 Rxe2 26. c5+ Be6 27. Qd1 Rxf2 28. Kxf2 Ng4+ 29. Kg1 Bc7 30. Bxb7 Kg7 31. Ra6 Qd7 32. Qa4 Qe7 33. Qc6 Kf7 34. Ba8 Nf6 35. Ra7 Ne8 36. b5 Bd7 37. Qxh6 Qxc5 38. b6 1-0

[Event "FRA-chT2 West 0708"]
[Site "France"]
[Date "2008.03.16"]
[Round "8.4"]
[White "Marie, Maxime"]
[Black "Bernardin, Thierry"]
[Result "1-0"]
[WhiteElo "2238"]
[BlackElo "1983"]
[PlyCount "109"]
[EventDate "2007.10.21"]
[EventType "team"]
[EventRounds "11"]
[EventCountry "FRA"]
[SourceTitle "EXT 2009"]
[Source "ChessBase"]
[SourceDate "2008.11.26"]
[SourceVersion "1"]
[SourceVersionDate "2008.11.26"]
[SourceQuality "1"]
[WhiteTeam "Lisieux"]
[BlackTeam "Orleans"]
[WhiteTeamCountry "FRA"]
[BlackTeamCountry "FRA"]

1. c4 c6 2. e4 g6 3. Nc3 Bg7 4. d4 Na6 5. Be3 Nc7 6. d5 cxd5 7. cxd5 d6 8. Nf3 Nf6 9. h3 Bd7 10. Qb3 0-0 11. a4 b6 12. Be2 e5 13. Nd2 Be8 14. Nc4 Qe7 15. a5 b5 16. Nd2 a6 17. Na2 Bd7 18. Rc1 Rfc8 19. Nb4 Nfe8 20. 0-0 f5 21. Nc6 Bxc6 22. Rxc6 Bf6 23. exf5 gxf5 24. Qc2 Qd7 25. Rc1 Bd8 26. Bb6 Qf7 27. Nf1 Rcb8 28. Ng3 Nxd5 29. Nxf5 Bg5 30. Be3 Nxe3 31. fxe3 Qe6 32. Bg4 Qg6 33. Rf1 Rd8 34. Rf3 Kh8 35. Rg3 Qf6 36. h4 Bh6 37. Rf3 Qg6 38. Nxh6 Qxh6 39. Qf5 Ng7 40. Qxe5 Qxh4 41. Rxd6 Re8 42. Qd4 Qe1+ 43. Rf1 Qg3 44. Rd7 Qxe3+ 45. Qxe3 Rxe3 46. Rff7 Rg8 47. Ra7 h5 48. Bxh5 Re6 49. Bf3 Rh6 50. Be4 Re6 51. Rxg7 Rxg7 52. Ra8+ Rg8 53. Rxg8+ Kxg8 54. Bd5 Kf7 55. Kf2 1-0

[Event "Naujac op 02nd"]
[Site "Naujac"]
[Date "1999.??.??"]
[Round "5"]
[White "Kaimer, Thomas"]
[Black "Bernardin, Thierry"]
[Result "1-0"]
[WhiteElo "2265"]
[BlackElo "1850"]
[PlyCount "73"]
[EventDate "1999.07.??"]
[EventType "swiss"]
[EventRounds "7"]
[EventCountry "FRA"]
[SourceTitle "EXT 2000"]
[Source "ChessBase"]
[SourceDate "1999.11.16"]
[SourceVersion "1"]
[SourceVersionDate "1999.11.16"]
[SourceQuality "1"]

1. e4 c5 2. Nf3 Nc6 3. Nc3 g6 4. d4 cxd4 5. Nxd4 Bg7 6. Be3 d6 7. Bc4 Bd7 8. Bb3 Nf6 9. 0-0 0-0 10. h3 a6 11. Re1 Rc8 12. Nxc6 Bxc6 13. Nd5 Bxd5 14. exd5 Nd7 15. Bd4 Nc5 16. Bxg7 Kxg7 17. Re3 b5 18. Qd4+ f6 19. c3 Re8 20. h4 Qc7 21. h5 Nd7 22. Rae1 Ne5 23. f4 Ng4 24. R3e2 Kf7 25. hxg6+ hxg6 26. f5 gxf5 27. Bc2 Ne5 28. Bxf5 Rb8 29. Be6+ Kg7 30. Rxe5 dxe5 31. Qg4+ Kh6 32. Qh3+ Kg5 33. Qg3+ Kh6 34. Re4 Qc5+ 35. Kh2 Qc4 36. Rxc4 bxc4 37. Bf7 1-0